000 00407nam a2200181Ia 4500
001 13145
005 20260306163032.0
008 260306t2009||||xx |||||||||||||| ||spa||
041 _aESP
082 _aPE 869.56
_bR52 T. 2
100 _aRibeyro, Julio Ramón
_eAUT
245 0 _aLa palabra del mudo
260 _c2009
300 _a
_c
650 _aGEN
654 _aCHU
942 _cLIB
_dJUS
_fJUS
_2ddc
_n
999 _c13145
_d13145